[Event "Montreal op"]
[Site "Montreal"]
[Date "2008.09.14"]
[Round "4"]
[White "Rainfray, Arnaud"]
[Black "Chabot, Roland"]
[Result "1/2-1/2"]
[WhiteElo "2388"]
[BlackElo "2231"]
[PlyCount "92"]
[EventDate "2008.09.12"]
[EventType "swiss"]
[EventRounds "5"]
[EventCountry "CAN"]
[SourceTitle "EXT 2011"]
[Source "ChessBase"]
[SourceDate "2010.11.26"]
[SourceVersion "1"]
[SourceVersionDate "2010.11.26"]
[SourceQuality "1"]

1. e4 c5 2. c3 Nf6 3. e5 Nd5 4. d4 cxd4 5. Nf3 e6 6. cxd4 d6 7. Bc4 Nc6 8. 0-0 Be7 9. Qe2 0-0 10. Nc3 Nxc3 11. bxc3 dxe5 12. dxe5 Qa5 13. Bd3 Rd8 14. Rb1 g6 15. c4 Rb8 16. Rb5 Qc7 17. Rb3 Bd7 18. Bf4 b6 19. h4 Be8 20. h5 Nd4 21. Nxd4 Rxd4 22. Be3 Rh4 23. hxg6 hxg6 24. g3 Rh5 25. Bf4 Bc6 26. Be4 Kg7 27. Qf3 Bxe4 28. Qxe4 Rbh8 29. Kg2 Rh2+ 30. Kf3 R2h3 31. Ke2 Rd8 32. Rc1 Rd7 33. a4 Rh8 34. Rf3 Qb7 35. Qxb7 Rxb7 36. Rd3 Rc8 37. f3 Rc5 38. g4 Rbc7 39. Rd4 Ra5 40. Ra1 g5 41. Bg3 a6 42. Re4 b5 43. cxb5 axb5 44. Be1 Rxa4 45. Raxa4 bxa4 46. Rxa4 Rc5 1/2-1/2

[Event "Montreal op"]
[Site "Montreal"]
[Date "2008.09.12"]
[Round "1"]
[White "Libersan, Thierry"]
[Black "Rainfray, Arnaud"]
[Result "0-1"]
[WhiteElo "2048"]
[BlackElo "2388"]
[PlyCount "60"]
[EventDate "2008.09.12"]
[EventType "swiss"]
[EventRounds "5"]
[EventCountry "CAN"]
[SourceTitle "EXT 2011"]
[Source "ChessBase"]
[SourceDate "2010.11.26"]
[SourceVersion "1"]
[SourceVersionDate "2010.11.26"]
[SourceQuality "1"]

1. e4 c5 2. Nf3 Nc6 3. d4 cxd4 4. Nxd4 Nf6 5. Nc3 e5 6. Ndb5 d6 7. Bg5 a6 8. Na3 b5 9. Nd5 Be7 10. Bxf6 Bxf6 11. c3 Nb8 12. Nc2 Bb7 13. a4 bxa4 14. Nce3 0-0 15. Rxa4 Nd7 16. b4 Bg5 17. Nc4 Nf6 18. Nxf6+ Qxf6 19. Nb6 Qf4 20. Nxa8 Qxe4+ 21. Be2 Qxg2 22. Rf1 Qc6 23. Ra3 Rxa8 24. c4 Qb6 25. Qa4 a5 26. b5 d5 27. cxd5 Bxd5 28. Rc3 Rd8 29. Qg4 Bd2+ 30. Kxd2 Be6+ 0-1